Combination of Methods of Thermal and Radiation Treatment of Sediments Associated With PCBs - The Delor Type
Salvato in:
| Autore principale: | |
|---|---|
| Altri autori: | , , , |
| Natura: | Capitolo di libro |
| Lingua: | inglese |
| Soggetti: | |
| Tags: |
Nessun Tag, puoi essere il primo ad aggiungerne!!
|
MARC
| LEADER | 00000naa$a2200000$$$4500 | ||
|---|---|---|---|
| 001 | 0279411 | ||
| 005 | 20240502083849.1 | ||
| 041 | 0 | |a eng | |
| 044 | |a PL | ||
| 245 | 1 | 0 | |a Combination of Methods of Thermal and Radiation Treatment of Sediments Associated With PCBs - The Delor Type |c Marko Fülöp, Andrea Šagátová, Ivan Benkovský, Ľubica Foltínová, Kamil Čonka |
| 500 | |a Abstrakt | ||
| 610 | 2 | 0 | |a medicína |
| 610 | 2 | 0 | |a rádioaktivita |
| 610 | 2 | 0 | |a technológie nové |
| 100 | 1 | |a Fülöp, Marko | |
| 700 | 1 | |a Šagátová, Andrea | |
| 700 | 1 | |a Benkovský, Ivan | |
| 700 | 1 | |a Foltínová, Ľubica, 1975- | |
| 700 | 1 | |a Čonka, Kamil | |